| 000 | 00797 a2200181 4500 | ||
|---|---|---|---|
| 003 | NUST | ||
| 005 | 20221101142458.0 | ||
| 010 | _a6820143 | ||
| 040 | _cNust | ||
| 082 | _a510,MES | ||
| 100 |
_aMeserve, Bruce E. _9102211 |
||
| 245 |
_aElements of mathematics / _cBruce E. Meserve, Max A. Sobel |
||
| 260 |
_aEnglewood Cliffs, N.J., _b Prentice-Hall _c [1968] |
||
| 300 |
_axi, 303 p.: _b illus. 25 cm. |
||
| 505 | _aExploitation in Mathematics (Page-1), Sets of Number (Page-19), Sentences in one Variables (Page-52), Sentences in Two Variables (Page-77), Elements of Geometry (Page-104), Analytic Geometry (Page-139), Mathematical Structures (Page-164), Probability (Page- 195), Functions and Relations (Page-228). | ||
| 650 |
_aElements of mathematics _9102212 |
||
| 942 |
_2ddc _cBK _k510,MES |
||
| 999 |
_c180049 _d180049 |
||